000 00299nam a2200121 i 4500
001 bg
245 0 _aLaboratorium z przedmiotu: podstawy automatyki /
_cpod red. D. Knickiego.
260 _aKraków,
_c1983.
040 _cBPK
041 _apol
942 _cKS
008 s pl f |000 0 pol
999 _c938
_d938
856 _uhttp://koha.tu.koszalin.pl/cgi-bin/koha/opac-detail.pl?biblionumber=938
_yKatalog online BPK